000 00528nam a2200217Ia 4500
003 GCL
008 140319s9999 xx 000 0 eng d
040 _aGCL /
_cGCL
082 0 4 _a746.6
_bD A
100 1 _aDAWSON, PAM
245 1 0 _aTHE ART OF PAINTING ON SILK /
_cDAWSON, PAM
260 _a[S.N] :
_bSEARCH PRESS ،
_c1994
650 0 4 _aARTS
650 0 4 _aDESIGN
650 0 4 _aPAINTING
650 0 4 _aSILK
650 0 4 _aHANDCRAFTS USING SILK
650 0 4 _aPAINTING - SILK
650 0 4 _aTEXTILE ART
942 _2ddc
_cBK
999 _c21069
_d21069